Dr. Seuss 1st sentence, Part 2 Quiz Stats

 Plays Quiz not verified by Sporcle

Challenge
Share
Tweet
Embed
Score 0/12 Timer 10:00
0 Plays Today
% Correct
The Foot Book
94.9%
Happy Birthday to You
92.9%
The Tooth Book
90.9%
Yertle the Turtle
89.9%
The Sneetches
89.9%
Horton Hatches the Egg
87.9%
There's a Wocket in My Pocket
87.9%
Scrambled Eggs Super
82.8%
Oh the Thinks You Can Think
82.8%
I Had Trouble in Getting to Solla Sollew
80.8%
Horton Hears a Who
79.8%
On Beyond Zebra
71.7%

You're not logged in!

Compare scores with friends on all Sporcle quizzes.
OR
Log In

You Might Also Like...

Show Comments

Extras

Top Quizzes Today


Score Distribution

Your Account Isn't Verified!

In order to create a playlist on Sporcle, you need to verify the email address you used during registration. Go to your Sporcle Settings to finish the process.

Report this User

Report this user for behavior that violates our Community Guidelines.

Details: